[Event "Presolana op 35th"]
[Site "Presolana"]
[Date "2015.08.23"]
[Round "1"]
[White "Boccalatte, Piero"]
[Black "Asperti, Giovanni"]
[Result "1/2-1/2"]
[WhiteElo "1913"]
[BlackElo "1759"]
[PlyCount "59"]
[EventDate "2015.08.23"]
[EventType "swiss"]
[EventRounds "8"]
[EventCountry "ITA"]
[SourceTitle "EXT 2024"]
[Source "ChessBase"]
[SourceDate "2023.10.10"]
[SourceVersion "1"]
[SourceVersionDate "2023.10.10"]
[SourceQuality "1"]

1. d4 Nf6 2. c4 g6 3. Nc3 d5 4. cxd5 Nxd5 5. Bd2 Bg7 6. e4 Nxc3 7. Bxc3 0-0 8. Bc4 Nd7 9. Ne2 c5 10. dxc5 Nxc5 11. Bxg7 Kxg7 12. Qc2 Be6 13. 0-0 Bxc4 14. Qxc4 Qd3 15. Qxc5 Qxe2 16. Qe5+ Kg8 17. Rfe1 Qc2 18. Rac1 Qd2 19. Rcd1 Qb4 20. a3 Qb6 21. Rd7 Rac8 22. Rd2 Rfd8 23. Rxd8+ Qxd8 24. g3 Qd2 25. Re3 Rc2 26. Rf3 Rc1+ 27. Kg2 Qd1 28. Qb8+ Kg7 29. Qe5+ Kg8 30. Qb8+ 1/2-1/2